Makers : (Record no. 126601)

MARC details
000 -LEADER
campo de control de longitud fija 02485nam a22002297a 4500
003 - IDENTIFICADOR DE NÚMERO DE CONTROL
campo de control BJBSDDR
005 - FECHA Y HORA DE LA ÚLTIMA TRANSACCIÓN
campo de control 20260317104532.0
007 - CAMPO FIJO DE DESCRIPCIÓN FÍSICA--INFORMACIÓN GENERAL
campo de control de longitud fija ta
008 - DATOS DE LONGITUD FIJA--INFORMACIÓN GENERAL
campo de control de longitud fija 260317s2012 enk||||| |||| 00| 0 eng d
020 ## - NÚMERO INTERNACIONAL ESTÁNDAR DEL LIBRO
Número Internacional Estándar del Libro 9781847940667
040 ## - FUENTE DE CATALOGACIÓN
Lengua de catalogación spa
Centro/agencia transcriptor BJBSDDR
041 ## - CÓDIGO DE IDIOMA
Código de lengua del texto/banda sonora o título independiente eng
050 ## - SIGNATURA TOPOGRÁFICA DE LA BIBLIOTECA DEL CONGRESO
Número de ítem An545 2012
100 1# - ENTRADA PRINCIPAL--NOMBRE DE PERSONA
Nombre de persona Anderson, Chris,
Fechas asociadas al nombre 1961-
9 (RLIN) 4229
245 10 - MENCIÓN DEL TÍTULO
Título Makers :
Resto del título the new industrial revolution /
Mención de responsabilidad, etc. Chris Anderson
260 ## - PUBLICACIÓN, DISTRIBUCIÓN, ETC.
Lugar de publicación, distribución, etc. London :
Nombre del editor, distribuidor, etc. Random House Business Books,
Fecha de publicación, distribución, etc. 2012
300 ## - DESCRIPCIÓN FÍSICA
Extensión viii, 257 pages :
Otras características físicas illustrations ;
Dimensiones 24 cm
505 ## - NOTA DE CONTENIDO CON FORMATO
Nota de contenido con formato The invention revolution<br/>The new industrial revolution<br/>The history of the future<br/>We are all designers now<br/>The long tail of things<br/>The tools of transformation : four desktop factories<br/>Open hardware<br/>Reinventing the biggest factories of all<br/>The open organization<br/>Financing the maker movement<br/>Maker businesses<br/>The factory in the Cloud<br/>DIY biology<br/>Epilogue : the new shape of the industrial world<br/>Appendix. The 21st century workshop. Getting started with CAD ; Getting started with 3-D printing ; Getting started with 3-D scanning ; Getting started with laser cutting ; Getting started with CNC machines ; Getting started with electronics
520 ## - RESUMEN, ETC.
Sumario, etc. If a country wants to remain economically vibrant, it needs to manufacture things. In recent years, however, many nations have become obsessed with making money out of selling services, leaving the real business of manufacturing to others. Makers is about how all that is being reversed. Over the past ten years, the internet has democratised publishing, broadcasting and communications, leading to a massive increase in the range of participation in everything digital - the world of bits. Now the same is happening to manufacturing - the world of things. Chris Anderson, bestselling author of The Long Tail, explains how this is happening: how such technologies as 3D printing and electronics assembly are becoming available to everybody, and how people are building successful businesses as a result. Whereas once every aspiring entrepreneur needed the support of a major manufacturer, now anybody with a smart idea and a little expertise can make their ideas a reality. Just as Google, Facebook and others have created highly successful companies in the virtual world, so these new inventors and manufacturers are assuming positions of ever greater importance in the real world. The next industrial revolution is on its way
942 ## - ELEMENTOS DE ENTRADA SECUNDARIOS (KOHA)
Fuente del sistema de clasificación o colocación Clasificación de Library of Congress
Suprimir en OPAC No
Tipo de ítem Koha Libro
946 ## - PROCESAMIENTO DE INFORMACIÓN LOCAL (OCLC)
Iniciales del agente catalogador cmc
Holdings
Estatus retirado Estado de pérdida Fuente del sistema de clasificación o colocación Estado de daño No para préstamo Colección Biblioteca de origen Biblioteca actual Ubicación en estantería Fecha de adquisición Signatura topográfica completa Código de barras Visto por última vez Copia número Tipo de ítem Koha
    Clasificación de Library of Congress     Automatización y Procesos Técnicos Biblioteca Juan Bosch Biblioteca Juan Bosch Automatización y Procesos Técnicos (1er. Piso) 17/03/2026 An545 2012 00000198839 17/03/2026 1 Libro